|
|
|
|
| LEADER |
00000nas a2200000 a 4500 |
| 001 |
ssj0000851798 |
| 003 |
WaSeSS |
| 005 |
20200512172242.0 |
| 006 |
m d |
| 007 |
cr n |
| 008 |
751101c19599999ii qr p s 0 a0eng c |
| 010 |
|
|
|a sa 63004117
|
| 022 |
|
|
|l 0032-9924
|y 0032-9924
|
| 025 |
|
|
|a I-D-E-411
|
| 035 |
|
|
|a (WaSeSS)ssj0000851798
|
| 040 |
|
|
|a MUL
|b eng
|c MUL
|d COO
|d OCL
|d CRL
|d OCL
|d HLS
|d OCLCQ
|d WAU
|d DLC
|d OCLCQ
|d OCLCF
|d OCLCA
|d OCLCQ
|d WaSeSS
|
| 042 |
|
|
|a pcc
|
| 043 |
|
|
|a a-ii---
|
| 050 |
0 |
0 |
|a HD57
|b .P697
|
| 050 |
1 |
4 |
|a HD28
|b .P96
|
| 210 |
1 |
|
|a Productivity
|b (New Delhi)
|
| 222 |
|
0 |
|a Productivity
|b (New Delhi)
|
| 245 |
0 |
0 |
|a Productivity
|h [electronic resource].
|
| 260 |
|
|
|a New Delhi :
|b National Productivity Council
|
| 310 |
|
|
|a Quarterly
|
| 362 |
1 |
|
|a Began with vol. 1 (Oct./Nov. 1959).
|
| 506 |
|
|
|a License restrictions may limit access.
|
| 555 |
|
|
|a Vols. 1 (1959)-5 (1964) with v. 5.
|
| 588 |
|
|
|a Description based on: Vol. 8, no. 1 (summer 1967); title from cover.
|
| 588 |
|
|
|a Latest issue consulted: Vol. 48, no. 4 (Jan./Mar. 2008).
|
| 650 |
|
0 |
|a Labor productivity
|v Periodicals.
|
| 650 |
|
0 |
|a Labor productivity
|z India
|v Periodicals.
|
| 650 |
|
0 |
|a Industrial productivity
|v Periodicals.
|
| 650 |
|
7 |
|a Industrial productivity.
|2 fast
|0 (OCoLC)fst00971502
|
| 650 |
|
7 |
|a Labor productivity.
|2 fast
|0 (OCoLC)fst00990137
|
| 651 |
|
7 |
|a India.
|2 fast
|0 (OCoLC)fst01210276
|
| 655 |
|
0 |
|a Electronic journals.
|
| 710 |
2 |
|
|a National Productivity Council (India)
|
| 850 |
|
|
|a DLC
|
| 856 |
4 |
0 |
|z Full text available from Research Library: 01/01/2010 to present
|u https://search.proquest.com/publication/506334
|